| 000 | 00713nam a2200217 i 4500 | ||
|---|---|---|---|
| 001 | 115003 | ||
| 003 | ES-MaACL | ||
| 005 | 20250903072443.0 | ||
| 007 | t| | ||
| 008 | 070216q1930 sp ||||1| spa d | ||
| 100 | 1 |
_aSainz de Robles, Federico Carlos, _d1898-1982 _9101593 |
|
| 245 | 1 | 0 |
_aElipando y San Beato de Liébana _b: siglo VIII / _cFederico Sainz de Robles. |
| 260 |
_aMadrid : _bAguilar, _c[193-?] |
||
| 300 |
_a240 p. : _bil. ; _c17 cm. |
||
| 490 | 1 |
_aBiblioteca de la cultura española ; _v2 |
|
| 500 | _aFoto de "Beato" | ||
| 600 | 1 | 4 |
_aElipando _cArzobispo de Toledo. _946999 |
| 830 | 0 | 0 |
_aBiblioteca de la cultura española _v2 _9185912 |
| 852 |
_aES-MaACL _jC-23167 |
||
| 999 |
_c115003 _d115003 |
||